| 000 | 00836nas a2200265 4500 | ||
|---|---|---|---|
| 001 | BR0803344 | ||
| 003 | BR-BrBNA | ||
| 005 | 20231205112259.0 | ||
| 007 | ta | ||
| 008 | 230509b bl.|||p| |||| 00| 00por d | ||
| 040 |
_aBR-BrBNA _bpor _cBiblioteca Nacional de Agricultura |
||
| 041 | _a(Pt) | ||
| 072 | _aH60; F08 | ||
| 100 | 1 | _aBalbinot Junior, A.A. | |
| 100 | 1 | _aMoraes, A. | |
| 100 | 1 | _aBackes, R.L. | |
| 245 | 1 | _aEfeito de coberturas de inverno e sua época de manejo sobre a infestação de plantas daninhas na cultura de milho | |
| 650 | _aMILHO | ||
| 650 | _aPLANTIO DIRETO | ||
| 650 | _aCOMPETIÇÃO DE VARIEDADE | ||
| 650 | _aINFESTAÇÃO | ||
| 773 | 0 |
_tPlanta Daninha (Brazil) _xISSN 0100-8358 _g(Jul-Sep 2007), v. 25(3) p. 473-480 _wBR0803344 |
|
| 909 |
_a202311 _bLúcia _c55 _dLúcia Elande |
||
| 942 |
_2AGRIS _n0 _cANA |
||
| 999 |
_c197163 _d197163 |
||